Vietnamese Cities 🇻🇳 (Sudden Death) - Statistics

General Stats
  • This quiz has been taken 376 times
  • The average score is 11 of 15
Answers on the Grid
Answers color-coded by a green-red scale on the quiz's grid according to % correct below.
Bandung
Buon Ma Thuot
Can Tho
Chiang Mai
Da Lat
Danang
Dien Bien Phu
Haiphong
Hanoi
Ho Chi Minh City
Hue
Kunming
Luang Prabang
My Tho
Nanning
Nha Trang
Penang
Phnom Penh
Phuket
Pleiku
Rach Gia
Saipan
Sapa
Siem Riep
Taipei
Vientiane
Vung Tau
 
Answer Stats
Answer % Correct
Vietnamese capital Hanoi
92%
Largest Vietnamese city Ho Chi Minh City
89%
Vietnamese city in Central Highlands Da Lat
83%
Vietnamese city in Central Vietnam Danang
83%
Vietnamese city in Central Vietnam Hue
79%
Vietnamese city on South Central Coast Nha Trang
79%
Vietnamese city in Mekong Delta Can Tho
78%
Vietnamese city in Central Highlands Buon Ma Thuot
77%
Vietnamese city of 1954 battle Dien Bien Phu
76%
Vietnamese city in Mekong Delta My Tho
72%
Vietnamese city in Northern Vietnam Haiphong
71%
Vietnamese city on southeastern coast Vung Tau
68%
Vietnamese town in the Northwest Sapa
64%
Vietnamese city on the Gulf of Thailand Rach Gia
61%
Vietnamese city in Central Highlands Pleiku
48%
No matching quizzes found
Score Distribution
Percent of People with Each Score
Percentile by Number Answered
Your Score History
You have not taken this quiz